15 Most Spoken Languages in 15 Seconds - Statistics

General Stats
  • This quiz has been taken 54 times
  • The average score is 5 of 15
Answer Stats
# of speakers Language % Correct
379 m English
95%
480 m Spanish
86%
918 m Mandarin
74%
341 m Hindi
62%
> 275 m Arabic
48%
154 m Russian
43%
221 m Portuguese
36%
128 m Japanese
29%
228 m Bengali
24%
125 m Punjabi
7%
79.4 m Turkish
7%
82.0 m Telugu
2%
81.4 m Wu
2%
90.2 m German(inc. Bavarian)
0%
83.1 m Marathi
0%
No matching quizzes found
Score Distribution
Percent of People with Each Score
Percentile by Number Answered
Your Score History
You have not taken this quiz